Normal view
MARC view
- شندول، محمد تأليف
Entry Personal Name
001 - CONTROL NUMBER
- control field: 43337
003 - CONTROL NUMBER IDENTIFIER
- control field: JO-AjAnu
005 - DATE AND TIME OF LATEST TRANSACTION
- control field: 20230606081201.0
008 - FIXED-LENGTH DATA ELEMENTS
- fixed length control field: 230606|| aca||aabn | a|a d
040 ## - CATALOGING SOURCE
- Original cataloging agency: JO-AjAnu
- Transcribing agency: JO-AjAnu
100 ## - HEADING--PERSONAL NAME
- Personal name: شندول، محمد تأليف
670 ## - SOURCE DATA FOUND
- Source citation: Work cat.: (JO-AjAnu)22192: شندول، محمد تأليف, author, التطور اللغوي في العربية الحديثة